|
|
|
|
| LEADER |
00000cam a22000004a 4500 |
| 001 |
musev2_44816 |
| 003 |
MdBmJHUP |
| 005 |
20230905044704.0 |
| 006 |
m o d |
| 007 |
cr||||||||nn|n |
| 008 |
160223s2016 mnu o 00 0 eng d |
| 010 |
|
|
|z 2015039581
|
| 020 |
|
|
|a 9781452950198
|
| 020 |
|
|
|z 9780816698295
|
| 035 |
|
|
|a (OCoLC)940559494
|
| 040 |
|
|
|a MdBmJHUP
|c MdBmJHUP
|
| 100 |
1 |
|
|a Shiffer, James Eli,
|e author.
|
| 245 |
1 |
4 |
|a The King of Skid Row :
|b John Bacich and the Twilight Years of Old Minneapolis /
|c James Eli Shiffer.
|
| 264 |
|
1 |
|a Minneapolis :
|b University of Minnesota Press,
|c [2016]
|
| 264 |
|
3 |
|a Baltimore, Md. :
|b Project MUSE,
|c 2016
|
| 264 |
|
4 |
|c ©[2016]
|
| 300 |
|
|
|a 1 online resource (200 pages):
|b illustrations
|
| 336 |
|
|
|a text
|b txt
|2 rdacontent
|
| 337 |
|
|
|a computer
|b c
|2 rdamedia
|
| 338 |
|
|
|a online resource
|b cr
|2 rdacarrier
|
| 505 |
0 |
|
|a Cover -- Contents -- Prologue: A Bum's Paradise -- Introduction: Snapshots -- 1. Johnny Rex -- 2. The Gandies -- 3. Ring in the Booze -- 4. The Flophouse -- 5. Missions -- 6. The Lost City -- Epilogue -- Acknowledgments -- Notes -- Bibliography -- Index -- A -- B -- C -- D -- E -- F -- G -- H -- I -- J -- K -- L -- M -- N -- O -- P -- R -- S -- T -- U -- V -- W.
|
| 588 |
|
|
|a Description based on print version record.
|
| 600 |
1 |
7 |
|a Bacich, John,
|d 1919-2012.
|2 fast
|0 (OCoLC)fst01943102
|
| 600 |
1 |
0 |
|a Bacich, John,
|d 1919-2012.
|
| 650 |
|
7 |
|a Skid row.
|2 fast
|0 (OCoLC)fst01119999
|
| 650 |
|
7 |
|a Businessmen.
|2 fast
|0 (OCoLC)fst00842951
|
| 650 |
|
7 |
|a HISTORY
|z United States
|x State & Local
|x Midwest (IA, IL, IN, KS, MI, MN, MO, ND, NE, OH, SD, WI)
|2 bisacsh
|
| 650 |
|
7 |
|a POLITICAL SCIENCE
|x Public Policy
|x Social Services & Welfare.
|2 bisacsh
|
| 650 |
|
7 |
|a POLITICAL SCIENCE
|x Public Policy
|x Social Security.
|2 bisacsh
|
| 650 |
|
6 |
|a Quartiers malfames
|z Minnesota
|z Minneapolis
|x Histoire.
|
| 650 |
|
6 |
|a Hommes d'affaires
|z Minnesota
|v Biographies.
|
| 650 |
|
0 |
|a Skid row
|z Minnesota
|z Minneapolis
|x History.
|
| 650 |
|
0 |
|a Businessmen
|z Minnesota
|v Biography.
|
| 651 |
|
7 |
|a Minnesota
|z Minneapolis.
|2 fast
|0 (OCoLC)fst01204260
|
| 651 |
|
7 |
|a Minnesota.
|2 fast
|0 (OCoLC)fst01204560
|
| 651 |
|
0 |
|a Minneapolis (Minn.)
|x History.
|
| 651 |
|
0 |
|a Gateway District (Minneapolis, Minn.)
|x History.
|
| 655 |
|
7 |
|a History.
|2 fast
|0 (OCoLC)fst01411628
|
| 655 |
|
7 |
|a Biographies.
|2 fast
|0 (OCoLC)fst01919896
|
| 655 |
|
7 |
|a Electronic books.
|2 local
|
| 710 |
2 |
|
|a Project Muse.
|e distributor
|
| 830 |
|
0 |
|a Book collections on Project MUSE.
|
| 856 |
4 |
0 |
|z Texto completo
|u https://projectmuse.uam.elogim.com/book/44816/
|
| 945 |
|
|
|a Project MUSE - Custom Collection
|
| 945 |
|
|
|a Project MUSE - 2016 Complete
|
| 945 |
|
|
|a Project MUSE - 2016 US Regional Studies, Midwest
|